| 000 | 00350nam a2200145Ia 4500 | ||
|---|---|---|---|
| 008 | 260417s2024 xx 000 0 und d | ||
| 041 | _aeng | ||
| 082 |
_a612/TIW _bDI-1171 |
||
| 100 | _aMS. MEGHA TIWARI | ||
| 245 | _aPHARMACOLOGY | ||
| 250 | _a2ND ed | ||
| 260 |
_aPUNE _b2024 _bNIRALI PRAKASHAN |
||
| 300 | _aP.B/21.6p | ||
| 650 | _aPHARMACOLOGY | ||
| 999 |
_c1220482 _d1220482 |
||